000 00517nam a2200193Ia 4500
003 0OSt
005 20260119112930.0
008 240810s9999 xx 000 0 und d
020 _a978-989-8528-09-4
040 _aBiblioteca Geral-Universidade Lusíada de Angola
_cBULA
082 _m9(1)
_a32/94
100 _aJUNIOR ,Miguel
_9973
245 0 _aFracasso da Operação Savannah
260 _aLuanda ,
_bMayamba
_c2011.
300 _a193p
650 _aPolitica
700 _aMiguel Junior
942 _cLivros
_2ddc
999 _c592
_d592